Mystery Taylor Swift Song #25 - Statistics

General Stats
  • This quiz has been taken 1,189 times
    1,111 since last reset
  • The average score is 43 of 147
Answer Stats
Song % Correct
I
83%
Taylor Swift
78%
A
76%
the
73%
you
73%
love
71%
and
65%
me
64%
so
64%
we
64%
In
63%
our
62%
to
61%
where
59%
my
58%
on
57%
your
56%
be
55%
when
55%
were
54%
do
51%
is
51%
oh
50%
was
50%
of
48%
said
48%
that
48%
like
47%
at
45%
She
44%
They
44%
too
43%
look
42%
us
40%
did
39%
I'll
39%
But
38%
all
37%
back
37%
Mary's Song (Oh My My)
37%
this
37%
up
37%
two
36%
their
35%
Just
34%
never
34%
Take
34%
see
33%
time
33%
looked
32%
one
32%
A.M.
31%
seven
31%
eyes
30%
had
30%
nine
30%
stars
30%
than
30%
you'll
30%
about
29%
shine
29%
you'd
28%
kiss
27%
sky
27%
still
26%
used
26%
Well
26%
We'll
26%
down
25%
fall
25%
girl
25%
light
25%
beat
24%
daddies
24%
first
24%
joke
24%
mamas
24%
we'd
23%
bigger
22%
eighty-nine
22%
eighty-seven
22%
got
22%
house
22%
pretty
22%
rolled
22%
tree
22%
wasn't
22%
falling
21%
kids
21%
lights
21%
little
21%
smiled
21%
really
20%
sixteen
20%
very
20%
dared
19%
Growing
19%
outside
19%
ran
19%
tried
19%
shined
18%
suddenly
18%
world
18%
cried
17%
gone
17%
backyard
16%
believed
16%
fight
16%
need
16%
truck
16%
come
15%
met
15%
home
14%
knee
14%
town
14%
walked
14%
around
13%
came
13%
doors
13%
morning
13%
next
13%
porch
13%
riding
13%
slamming
13%
stayed
13%
til
13%
wide
13%
years
13%
aisle
12%
before
12%
block
12%
kissing
12%
creek
11%
few
11%
front
11%
goodnight
11%
instead
11%
many
11%
whole
11%
babies
10%
favorite
10%
sitting
10%
spot
10%
After
9%
rock
9%
turned
9%
beds
8%
No matching quizzes found
Score Distribution
Percent of People with Each Score
Percentile by Number Answered
Your Score History
You have not taken this quiz since the last reset